Statistiques concernant Qui sont ces membres de familles de footballeurs.

Cliquez ici pour prendre le quiz!

Statistiques générales

  • Ce quiz a été pris 73 fois
  • Le résultat moyen est 3 sur 12

Statistiques - réponses

Réponse% Correct
frère de Mbappé ( Ethan Mbappé)
98%
père de Mbappé ( Wilfrid Mbappé)
84%
Enfant de Messi
57%
Femme de Messi (Antonella Roccuzzo)
23%
Père de Messi (Jorge Horacio Messi)
21%
père de Neymar (Neymar da Silva Sr)
18%
Frères et soeur de Messi
15%
mère de Mbappé (Fayza Lamari)
8%
fils de Neymar (Davi Lucca da Silva Santos)
5%
mère de Neymar (Nadine Santos)
5%
soeur de Neymar (Rafaella da Silva Santos)
5%
Mère de Messi (Celia Maria Cuccittini)
2%

Distribution des résultats

Percentile par nombre de réponses

% des personnes avec chaque résultat

Votre développement - résultats

Vous n’avez pas pris ce quiz